Sports Quiz

Random Sports or Soccer Quiz

Football 50-50s: Most Goals in the big 4 leagues Quiz Stats

 Plays Quiz not verified by Sporcle

Challenge
Share
Tweet
Embed
Score 0/100 Timer 20:00
0 Plays Today
Pair Player % Correct
Filippo Inzaghi or John Jensen????
96.6%
Ronaldinho or Ronaldo????
85.1%
Alessandro Altobelli or Alessandro Del Piero????
83.9%
Kevin Keegan or Gary Lineker????
82.8%
Ryan Giggs or Paul Scholes????
81.6%
Miroslav Klose or Lukas Podolski????
81.6%
Gonzalo Higuaín or Stuart Pearce????
80.5%
Michael Essien or Claude Makélélé????
80.5%
Teddy Sheringham or Ole Gunnar Solskjær????
80.5%
Roberto Carlos or Ronald Koeman????
79.3%
Wayne Rooney or Alan Shearer????
79.3%
Gavin McCann or Zinedine Zidane????
79.3%
Roberto Baggio or Rubén Castro????
79.3%
Gareth Bale or Jermaine Jenas????
78.2%
Thierry Henry or Ruud van Nistelrooy????
77%
Frank Lampard or Gianfranco Zola????
77%
Kaká or Andriy Shevchenko????
77%
Iker Casillas or Jens Lehmann????
77%
Gunnar Nordahl or Ian Rush????
75.9%
Denis Law or Sandro Mazzola????
75.9%
Mario Götze or Robert Lewandowski????
74.7%
Frédéric Kanouté or Benni McCarthy????
73.6%
Mágico González or Paulo Wanchope????
71.3%
Francisco Gento or Paolo Maldini????
71.3%
Franco Baresi or Franz Beckenbauer????
71.3%
Hugo Sánchez or Dwight Yorke????
70.1%
Bebeto or Charlie George????
70.1%
Joseba Etxeberria or Giuseppe Signori????
70.1%
Emilio Butragueño or Carles Rexach????
69%
Luca Toni or Christian Vieri????
67.8%
George Best or George Weah????
67.8%
Yakubu Aiyegbeni or Shola Ameobi????
67.8%
Sándor Kocsis or Ferenc Puskás????
66.7%
Lars Ricken or Karl-Heinz Riedle????
66.7%
Pair Player % Correct
Zbigniew Boniek or Kazimierz Deyna????
63.2%
Fernando Hierro or Pierino Prati????
63.2%
Tony Hibbert or Tim Howard????
63.2%
John Charles or Mark Hughes????
63.2%
John Barnes or Julio Dely Valdés????
63.2%
Amancio or Pirri????
63.2%
Stéphane Chapuisat or Emile Heskey????
62.1%
Gigi Riva or Gianni Rivera????
62.1%
Tommy Lawton or Davor Šuker????
60.9%
Mario Frick or Michael Mifsud????
60.9%
Gabriel Batistuta or Claudio Pizarro????
60.9%
Bobby Charlton or Francesco Totti????
59.8%
Helmut Haller or Geoff Hurst????
59.8%
Brett Angell or Jupp Heynckes????
59.8%
Fernando Torres or David Villa????
58.6%
Mario Kempes or Uwe Seeler????
58.6%
Dixie Dean or Giuseppe Meazza????
57.5%
Steve Bruce or Trevor Francis????
57.5%
Patrick Kluivert or Marco Van Basten????
57.5%
Hans-Jörg Butt or Peter Schmeichel????
55.2%
Yossi Benayoun or Mohamed Kallon????
54%
Andrey Arshavin or David Suazo????
54%
Emmanuel Adebayor or Peter Crouch????
54%
Dimitar Berbatov or Hristo Stoichkov????
52.9%
José Santamaría or Pepe Schiaffino????
52.9%
Klaus Fischer or Andrea Pirlo????
52.9%
Stanley Matthews or Ruud Gullit????
51.7%
Gianluca Vialli or Rudi Völler????
51.7%
Raúl or Cristiano Ronaldo????
50.6%
Michel Platini or Paolo Rossi????
50.6%
Gheorghe Hagi or Adrian Mutu????
50.6%
Allan Clarke or Peter Lorimer????
49.4%
Glenn Hoddle or Chris Waddle????
49.4%
Roy Keane or Patrick Vieira????
48.3%
Pair Player % Correct
Marcelo Salas or Iván Zamorano????
47.1%
Hans Krankl or Toni Polster????
46%
Fredi Bobic or Ulf Kirsten????
46%
Ally McCoist or Serhiy Rebrov????
44.8%
Fabio Capello or Park Ji-Sung????
43.7%
Eddie Firmani or Ronnie Whelan????
42.5%
Shinji Kagawa or Hidetoshi Nakata????
42.5%
José Altafini or Valentino Mazzola????
42.5%
Silvio Piola or Telmo Zarra????
41.4%
Peter Osgood or Romário????
41.4%
Ray Kennedy or Andrés Iniesta????
41.4%
Sean Dundee or Peter Ndlovu????
40.2%
Nicolas Anelka or David Trézéguet????
39.1%
Jürgen Klinsmann or Karl-Heinz Rummenigge????
36.8%
Joe Baker or Liam Brady????
35.6%
Eiður Guðjohnsen or Kurt Hamrin????
33.3%
Luis Aragonés or Vavá????
32.2%
Kevin Kurányi or Cyrille Regis????
32.2%
Sami Hyypiä or Jari Litmanen????
31%
Didier Drogba or Rivaldo????
29.9%
Michael Laudrup or Allan Simonsen????
29.9%
Raymond Kopa or Didier Six????
29.9%
Alfredo Di Stéfano or Lionel Messi????
28.7%
Luís Figo or Lothar Matthäus????
26.4%
Jimmy Greaves or Gerd Müller????
24.1%
Jan Koller or Pavel Nedvěd????
24.1%
Klaus Allofs or Diego Forlán????
24.1%
Fernando Morientes or Omar Sívori????
23%
William Gallas or Jean-Pierre Papin????
17.2%
Oliver Bierhoff or Dieter Hoeneß????
16.1%
Samuel Eto'o or Nat Lofthouse????
9.2%
Andy Cole or Tony Cottee????
6.9%

You're not logged in!

Compare scores with friends on all Sporcle quizzes.
Join for Free
OR
Log In

You Might Also Like...

Show Comments

Extras

Top Quizzes Today


Score Distribution

Your Account Isn't Verified!

In order to create a playlist on Sporcle, you need to verify the email address you used during registration. Go to your Sporcle Settings to finish the process.

Report this User

Report this user for behavior that violates our Community Guidelines.

Details: